000 01270nam a2200229 4500
008 171116b xxu||||| |||| 00| 0 eng d
020 _a0-7619-5327-2
082 _21997
_aDC 345.42
_bC31p
100 _923402
_aCavadino, Michael., author.
245 _aThe penal system :
_b an introduction /
_cMichael Cavadino and James Dignan.
250 _aSecond edition.
260 _aThousand Oaks, Calif. :
_bSage,
_c©1997.
300 _a[vi], 346 pages :
_billustrations ;
_c 24 cm.
500 _aIncludes bibliographical references and index.
505 _aCrisis? What crisis? -- Justifying punishment -- Explaining punishment -- Court decisions: the crux of the crisis -- Prisons: expansion and explosion -- Prison privatization: panacea or Pandora̓s box? -- Early release: the penal system's safety valve -- Non-custodial penalties: towards decarceration or the punitive city? -- Young offenders: from system disaster to systems management? -- Bias in the criminal justice system -- Solving the crisis?
650 0 _923403
_aCorrections
_z England
650 0 _923404
_aCorrections
_zWales
650 0 _923405
_aImprisonment
_zEngland
650 0 _923406
_aImprisonment
_z Wales
650 0 _923407
_aCriminal justice, Administration of
_zWales
942 _2ddc
_cDC
999 _c7763
_d7763